A study of alternative methods of house construction. (Record no. 100102)

MARC details
000 -LEADER
fixed length control field 00408cam a2200145 4500
001 - CONTROL NUMBER
control field J103236
008 - FIXED-LENGTH DATA ELEMENTS--GENERAL INFORMATION
fixed length control field 000000n1959 000 0 eng u
035 ## - SYSTEM CONTROL NUMBER
System control number (Sirsi) u103236
041 ## - LANGUAGE CODE
Language code of text/sound track or separate title eng
110 ## - MAIN ENTRY--CORPORATE NAME
Corporate name or jurisdiction name as entry element Building Research Station
9 (RLIN) 203
245 #2 - TITLE STATEMENT
Title A study of alternative methods of house construction.
260 ## - PUBLICATION, DISTRIBUTION, ETC.
Date of publication, distribution, etc. 1959
490 #0 - SERIES STATEMENT
Series statement National Building Studies special report no.30, 1959.
942 ## - ADDED ENTRY ELEMENTS (KOHA)
Suppress in OPAC 0
Holdings
Withdrawn status Lost status Source of classification or shelving scheme Damaged status Not for loan Home library Current library Shelving location Date acquired Total Checkouts Full call number Barcode Date last seen Copy number Price effective from Koha item type
    Dewey Decimal Classification     London London Basement 17/12/1999   BASEMENT 2 30060106 06/08/2019 1 06/08/2019 Book